00727cam a22001934a 4500020001500000040000800015082002600023100002000049245002900069260005900098300003400157650001600191700002300207856006600230856006600296942000700362999001700369952014700386 a0471960446 cDLC00a621 JON 1997 A048 Or.1 aWalker, John F.10aWind energy technology / ahichester, [England] ;aNew York :bJohn Wiley,c1997. axiv, 161 p. :bill. ;c25 cm. 0aWind power.1 aJenkins, Nicholas.42uhttp://www.loc.gov/catdir/enhancements/fy0607/96040504-d.html41uhttp://www.loc.gov/catdir/enhancements/fy0607/96040504-t.html cEK c13789d13789 0010406621_000000000000000_JON_1997_A048_OR70965263aLBAbLBAcA048d2017-08-31o621 JON 1997 A048 Or.pA17484r2017-08-31w2017-08-31yEK